Name the Former Scottish Premiership Player - Part 6 - Statistics

General Stats
  • This quiz has been taken 5 times
  • The average score is 12 of 16
Answer Stats
Picture Answer % Correct
Kenny Mclean
100%
Kris Boyd
100%
Andy Robertson
80%
Antonio Colak
80%
Brandon Barker
80%
Georgios Samaras
80%
James Mcfadden
80%
Leon Balogun
80%
Lewis Ferguson
80%
Shane Duffy
80%
Stuart Kettlewell
80%
Jamie Macdonald
60%
Ryan Fraser
60%
Yutaro Oda
60%
Gary Caldwell
40%
Nacho Novo
40%
No matching quizzes found
Score Distribution
Percent of People with Each Score
Percentile by Number Answered
Your Score History
You have not taken this quiz